000
00356nam a2200157Ia 4500
008
221030s9999 xx 000 0 und d
020
_a
8120315316
041
_a
English
082
_a
105.23
_b
Raj
100
_a
V. Rajaraman
245
0
_a
Fundamentals of Computers
260
_b
PHI
_a
New Delhi
_c
2002
300
_a
351
650
_a
COMPUTERS
942
_c
BK
999
_c
118
_d
118